Responses for Show #6563 - Wednesday, March 13, 2013

Drew Horwood game 7.

Contestants

[<< previous game]

David Czapka, a background investigator from Wayne, New Jersey

Jillian Mueller, an attorney from Washington, D.C.

Drew Horwood, a business analyst from Minneapolis, Minnesota (whose 6-day cash winnings total $107,998)

[next game >>]

Jeopardy! Round responses

REPORTING FROM THE STATE CAPITAL
(Alex: You identify the capital for us.)
ODE TO A TV SHOW
TIME MAGAZINE'S PERSON OF THE YEAR
ANIMAL SIMILES
JUST DRIVE!
FOUND IN GERMANY
    $200 1
Albany

David
    $200 6
Dallas

Drew
    $200 11
(Charles) Lindbergh

David
    $200 12
a bat

Drew
    $200 21
a backfire

Jillian
    $200 26
the Black Forest

Drew
    $400 2
Boise

Drew
    $400 7
The Sopranos

David
    $400 13
(Jillian: Who is Khrushchev?)

(Mikhail) Gorbachev

DrewJillian
    $400 15
a beaver

Drew
    $400 22
crank

Jillian
    $400 27
the Christ Child (the baby Jesus accepted)

Jillian
    $600 3
Baton Rouge

Drew
    $600 8
Glee

Triple Stumper
    $600 14
(John Foster) Dulles

Jillian
    $600 18
a skunk

David
    $600 23
(Drew: What is humor?)

timing

DrewJillian
    $600 28
the Rhine

Drew
    $800 4
(Alex: The Beehive State is Utah. Capital--[*].)

Salt Lake City

Triple Stumper
    $800 9
The Dukes of Hazzard

David
    $800 16
Bill Clinton

Drew
    $800 19
a hare

Drew
    $800 24
octane

Drew
    $800 29
(Drew: What is the Brandenburg Gate?)

Checkpoint Charlie

Drew
Triple Stumper
    $1000 5
Richmond

Drew
    $1000 10
Burn Notice

Drew
    $1,500 17
(Drew: Who is... MacArthur?)

George Marshall

Drew
    $1000 20
an ox

Jillian
    $1000 25
to double clutch

David
    $1000 30
Dachau

Triple Stumper

Scores at the first commercial break (after clue 15):

Drew Jillian David
$4,200 $200 $1,600

Scores at the end of the Jeopardy! Round:

Drew Jillian David
$4,500 $2,800 $3,200

Double Jeopardy! Round responses

PLAYWRIGHTS
LATIN AMERICAN HISTORY
MOVIEMAKERS
SURGERY
GRAMMY WINNERS
"OB"-SESSIVE
    $400 1
Tennessee Williams

Jillian
    $400 13
the Amazon

Drew
    $400 6
stand-ins

Jillian
    $400 21
the Achilles tendon

Drew
    $400 18
Michael J. Fox

Drew
    $400 11
(Jillian: What is objective?)

an object lesson

JillianDavid
    $800 2
Arthur Miller

Drew
    $800 14
(Drew: What is French Guiana?)

Devil's Island

Drew
Triple Stumper
    $800 7
drivers

Drew
    $800 27
(Drew: What is a haircut?)

a facelift

DrewJillian
    $800 19
Steve Martin

Drew
    $800 12
an obituary

Drew
    $1,300 3
(Drew: Who is... Eugene O'Neill?)

Neil Simon

Drew
    $1200 15
FARC

Drew
    $1200 8
continuity

Drew
    $1200 28
a lobotomy

Drew
    $1200 20
Rodney Dangerfield

Jillian
    $1200 24
the obverse

David
    $1600 4
Chekhov

David
    $1,500 16
(Antonio López de) Santa Anna

Drew
    $1600 9
an editor

Drew
    $1600 29
bypass

Drew
    $1600 22
Taylor Swift

David
    $1600 25
obedience training

David
    $2000 5
Molière

Triple Stumper
    $2000 17
Panama

Triple Stumper
    $2000 10
dialogue

David
    $2000 30
LASIK

David
    $2000 23
"I Will Survive"

David
    $2000 26
an obelisk

Drew

Scores at the end of the Double Jeopardy! Round:

Drew Jillian David
$16,300 $5,200 $15,600

[wagering suggestions for these scores]

Final Jeopardy! Round responses

NEWSPAPERS
(Alex: [revealing Jillian's response] the Times of [*], you are right--the daily circulation is 3.5 million.)
JillianWhat is India?
$1,000
DavidWhat is New Delhi?
$10,399
DrewWhat is Westminster?
$2
India

Final scores:

Drew Jillian David
$16,298 $6,200 $5,201
7-day champion: $124,296 2nd place: $2,000 3rd place: $1,000

Game dynamics:

Coryat scores:

Drew Jillian David
$19,200 $5,200 $15,600
27 R
(including 1 DD),
6 W
(including 2 DDs)
10 R,
2 W
14 R,
0 W

Combined Coryat: $40,000

[game clues] [game scores] [suggest correction]

Game tape date: 2012-10-30
The J! Archive is created by fans, for fans. Scraping, republication, monetization, and malicious use prohibited; this site may use cookies and collect identifying information. See terms. The Jeopardy! game show and all elements thereof, including but not limited to copyright and trademark thereto, are the property of Jeopardy Productions, Inc. and are protected under law. This website is not affiliated with, sponsored by, or operated by Jeopardy Productions, Inc. Join the discussion at JBoard.tv.